[Event "Eastern Asia-ch U10"]
[Site "Tornelo INT"]
[Date "2021.10.31"]
[Round "8"]
[White "Reyes, Oshrie Jhames"]
[Black "Vivaan, Vijay Saraogi"]
[Result "0-1"]
[WhiteElo "1136"]
[BlackElo "1454"]
[PlyCount "62"]
[EventDate "2021.10.29"]
[EventType "swiss"]
[EventRounds "9"]
[EventCountry "NET"]
[SourceTitle "EXT 2023"]
[Source "ChessBase"]
[SourceDate "2022.10.05"]
[SourceVersion "1"]
[SourceVersionDate "2022.10.05"]
[SourceQuality "1"]

1. e4 c5 2. c4 g6 3. Ne2 Bg7 4. d4 cxd4 5. Nxd4 Nc6 6. Be3 Nf6 7. Nc3 Ng4 8. Qxg4 Nxd4 9. Qd1 Nc6 10. Qd2 0-0 11. Be2 d6 12. f3 Bd7 13. 0-0 Rc8 14. b3 a6 15. Rfd1 Ne5 16. Rac1 f5 17. Qd5+ Kh8 18. Qxb7 f4 19. Bb6 Qe8 20. Qd5 g5 21. c5 Rc6 22. b4 g4 23. Qd2 Qh5 24. fxg4 Bxg4 25. Bxg4 Nxg4 26. h3 Ne3 27. Re1 Rg8 28. Nd5 Nxg2 29. Nxe7 Nxe1 30. Qd5 Bd4+ 31. Kh2 Bg1+ 0-1